|
|
|
|
| LEADER |
00000nab a2200000 4500 |
| 001 |
vtls011742907 |
| 003 |
SK-MaSNL |
| 005 |
20260318140756.0 |
| 008 |
180221|2018 xo w||| || ||00 0|hun |
| 015 |
|
|
|a SNBRB2018/02
|
| 040 |
|
|
|a DSZK
|b slo
|c DSZK
|e rda
|
| 041 |
|
|
|a hun
|
| 043 |
|
|
|a e-xo---
|
| 044 |
|
|
|a xo
|c SK
|
| 080 |
|
|
|a 398.332.416:745.51
|x (437.612)
|2 2011
|
| 100 |
1 |
|
|a Nagy, Erika,
|d 1961-
|4 aut
|4 pht
|9 274133
|
| 245 |
1 |
0 |
|a Betlehem cseresznyefából
|c kép és szöveg Nagy Erika
|
| 300 |
|
|
|b Fotografia
|
| 336 |
|
|
|a text
|b txt
|2 rdacontent
|
| 337 |
|
|
|a bez média
|b n
|2 rdamedia
|
| 338 |
|
|
|a zväzok
|b nc
|2 rdacarrier
|
| 650 |
0 |
7 |
|a betlehemy
|2 SNKPH
|9 13423
|
| 651 |
|
7 |
|a Topoľníky (Slovensko)
|2 SNKPHgeo
|9 26166
|
| 773 |
0 |
|
|t Csallóköz
|g Évf. 57, sz. 50 (2017), o. 18
|x 1336-3638
|
| 852 |
|
|
|a DSZK
|b KIS3GCP
|
| 958 |
|
|
|a HU
|
| 999 |
|
|
|c 1940521
|d 1942451
|